000 01204nam a2200229Ia 4500
003 Ost
005 20260507075640.0
008 260507s9999||||xx |||||||||||||| ||und||
020 _a1024328977
040 _cfsecg
041 _aara
082 _a336
100 _aناشر، سوزي عدلني
_eمؤلف
245 0 _aالوجيز في المالية العامة /
_c سوزي عدلني ناشر
260 _aالإسكندرية:
_bدار الجامعة الجديدة,
_c2000
300 _a360 صفحة؛
_c24 سم
520 _aنظريات النفقات العامة ،تعريف النفقة العامة ،تقسيم النفقة العامة ،قواعد الإنفاق ،نظرية الإدارات العامة ،التعريف بالإيرادات العامة وتقسيماتها المختلفة ،ايرادات الدولة الإقتصادية،نظرية الضريبة ،القروض العامة ،الميزانية ،إعداد الميزانية اعتماد الميزانية ،تنفيذ الميزانية
653 _aالإيرادات العامة
653 _aالميزانية العامة
653 _aالنفقات العامة
942 _cكتاب
999 _c45387
_d45387